Sports Quiz

Random Sports or NBA Quiz
Score 0/30 Timer 03:00
0 Plays Today
% Correct
SRE
85.4%
SEVLOW
82.4%
ZZ
81.7%
SREZALB
75.8%
SREIL
75.5%
SKCIR
73.5%
SROI
72.9%
SEIL
72.5%
SDR
71.7%
SNO
69.9%
STEG
69.9%
REDN
69.8%
SCI
69.6%
SREP
69.5%
SROT
67.9%
% Correct
SKC
67.2%
SNAC
66.2%
SRU
65.6%
SREK
64.7%
STEN
64.7%
SK
64.2%
SL
64%
STEK
62.5%
SN
61.3%
SG
60.3%
SKW
59.4%
TA
58.9%
ST
57.2%
CIG
56.6%
SREC
51.9%
Remove Ads.
Support Sporcle.
Get the best of Sporcle when you Go Orange. This ad-free experience offers more features, more stats, and more fun while also helping to support Sporcle. Thank you for becoming a member.

You're not logged in!

Compare scores with friends on all Sporcle quizzes.
OR
Log In

Show Comments

Extras

Top Quizzes Today


Score Distribution

Your Account Isn't Verified!

In order to create a playlist on Sporcle, you need to verify the email address you used during registration. Go to your Sporcle Settings to finish the process.

Report this User

Report this user for behavior that violates our Community Guidelines.

Details: